رايات الثورة العربية من ... الحسين إلى الحسين / (رقم التسجيلة. 118771)

تفاصيل مارك
000 -LEADER
fixed length control field 00653nam a22001697a 4500
005 - DATE AND TIME OF LATEST TRANSACTION
control field 20251108174820.0
008 - FIXED-LENGTH DATA ELEMENTS--GENERAL INFORMATION
fixed length control field 250721s1993 xx 000 0 ara d
082 14 - DEWEY DECIMAL CLASSIFICATION NUMBER
Classification number 355.09565/راي
245 10 - TITLE STATEMENT
Title رايات الثورة العربية من ... الحسين إلى الحسين /
264 1# - PRODUCTION, PUBLICATION, DISTRIBUTION, MANUFACTURE, AND COPYRIGHT NOTICE
Place of production, publication, distribution, manufacture عمان :
Name of producer, publisher, distributor, manufacturer دار الناس للصحافة و النشر و الدراسات و الإعلام (ناس برس)،
Date of production, publication, distribution, manufacture, or copyright notice 1993.
300 ## - PHYSICAL DESCRIPTION
Extent 55ص.
650 17 - SUBJECT ADDED ENTRY--TOPICAL TERM
Topical term or geographic name as entry element الاردن
650 17 - SUBJECT ADDED ENTRY--TOPICAL TERM
Topical term or geographic name as entry element القوات المسلحة
710 2# - ADDED ENTRY--CORPORATE NAME
Corporate name or jurisdiction name as entry element دار الناس للصحافة و النشر و الدراسات و الإعلام
942 ## - ADDED ENTRY ELEMENTS (KOHA)
Source of classification or shelving scheme Dewey Decimal Classification
Koha item type كتب
المقتنيات
حالة السحب حالة الفقدان مصدر التصنيف حالة التلف غير قابل للإعارة المكتبة الرئيسية المكتبة الحالية موقع الرف تاريخ التزويد الرقم المتسلسل Total Checkouts رقم الإستدعاء الباركود تاريخ آخر ظهور تاريخ الفاتورة نوع المادة (كوها)
    Dewey Decimal Classification   Not For Loan مكتبة تاريخ الأردن مكتبة تاريخ الأردن لا يعار 28/07/2025 1335499   355.09565/راي PLD00118866 28/07/2025 28/07/2025 كتب
    Dewey Decimal Classification     مكتبة وادي السير العامة مكتبة وادي السير العامة الإعارة 11/04/2016 [4843].   355.09565/راي PLD00385743 28/07/2025 11/04/2016 كتب
Implemented & Customized by: BBB with SCIT (Smart Chains for Information Technology)

Powered by Koha